| 000 | 00497cam a2200181ua 4500 | ||
|---|---|---|---|
| 020 |
_a81-7099-668-6 _cRs 350.00 |
||
| 041 |
_aeng _h |
||
| 082 |
_a550.006 _bMIS/GE |
||
| 100 | _aMisra, Bidhanesh . | ||
| 245 | 0 | 0 |
_aGeographic information system and economic development / _cBidhanesh Misra. _hTextual Documents |
| 250 |
_a1 / _b. |
||
| 260 |
_aIndia : _bMittal Publications , _c1997. |
||
| 300 | _a186 ; . | ||
| 365 | _aRs 350.00 | ||
| 504 | _a | ||
| 942 | _cBK | ||
| 999 |
_c556 _d556 |
||